000 00651nam a2200205 a 4500
005 20260415064155.0
008 991125 1990 mad 000 0 spa u
020 _a8427708947
035 _aUPN01000023176
049 _aCG
050 4 _aLB2823
_bG6.4
100 1 _aGómez Arbeo, Blanca M.
245 1 0 _aEvaluación criterial, una metodología útil para diagnosticar el nivel de aprendizaje de los alumnos /
_cBlanca M. Gómez Arbeo.
260 _aMadrid :
_bNarcea,
_c1990.
300 _a55 p. :
_bil.
440 0 _aApuntes IEPS ;
_v51
650 4 _aEvaluación educativa
_94298
650 4 _aProceso enseñanza-aprendizaje
_942
905 _aLibro
999 _c23176
_d23176